|
|
|
|
| LEADER |
00000nam a2200000 4500 |
| 005 |
20240718154530.0 |
| 008 |
230313b2015 a|||| |||| 00| | spa d |
| 090 |
|
|
|a 06.02.01
|
| 110 |
|
|
|9 4842
|a Observatorio de Innovación Educativa del Tecnológico de Monterrey
|
| 245 |
|
|
|a Edu Trends: Educación basada en competencias
|
| 260 |
|
|
|a [Lugar de publicación no identificado] :
|b Tecnológico de Monterrey,
|c 2015
|
| 300 |
|
|
|a 37 páginas;
|b ilustraciones; 1 recurso en línea; PDF
|
| 650 |
1 |
4 |
|9 345
|a COMPETENCIA
|
| 650 |
1 |
4 |
|9 1
|a EDUCACIÓN
|
| 856 |
|
|
|u https://uir.inie.ucr.ac.cr/cgi-bin/koha/opac-retrieve-file.pl?id=16012f44ef1748baf73815ef428c26b0
|
| 942 |
|
|
|i PDF009
|h 06.02.01
|2 z
|c 01
|h 06.02.01
|6 060201_PDF009
|
| 999 |
|
|
|c 3999
|d 3999
|